[Event "RUS-chT 31th"]
[Site "Sochi"]
[Date "2024.05.07"]
[Round "6.27"]
[White "Klimentov, Evgeny"]
[Black "Tsaruk, Maksim"]
[Result "0-1"]
[WhiteElo "2284"]
[BlackElo "2491"]
[PlyCount "118"]
[EventDate "2024.05.01"]
[EventType "team-tourn"]
[EventRounds "9"]
[EventCountry "RUS"]
[SourceTitle "CBM 220 Extra"]
[Source "ChessBase"]
[SourceDate "2024.07.31"]
[SourceVersion "1"]
[SourceVersionDate "2024.07.31"]
[SourceQuality "1"]
[WhiteTeam "Voronezh"]
[BlackTeam "Belarus"]
[WhiteTeamCountry "RUS"]
[BlackTeamCountry "BLR"]

1. e4 e6 2. d4 d5 3. exd5 exd5 4. Nf3 Nc6 5. Bd3 Nb4 6. Be2 Bf5 7. Na3 Nc6 8. 0-0 Bxa3 9. bxa3 Nge7 10. Rb1 b6 11. a4 0-0 12. Ba3 Re8 13. Bb5 Bd7 14. Re1 a6 15. Bd3 Ng6 16. Rxe8+ Bxe8 17. c4 dxc4 18. Bxc4 Na5 19. Bf1 Qd5 20. Qc2 Qd7 21. Rc1 Ra7 22. Re1 Qxa4 23. Qxa4 Bxa4 24. d5 Ra8 25. Bb4 Rd8 26. Rc1 Rxd5 27. Rxc7 h6 28. Bxa6 Rd1+ 29. Be1 b5 30. g3 Nc4 31. Kg2 Ra1 32. Rc5 Bd1 33. Bxb5 Nd6 34. Bb4 Nxb5 35. Rxb5 Be2 36. Rb8+ Kh7 37. Nd2 Rxa2 38. Bc3 Rc2 39. Rb3 Ne7 40. Nf3 Bc4 41. Ra3 Bd5 42. Be1 Nf5 43. Kf1 Rc1 44. g4 Nd6 45. Ke2 Nb5 46. Re3 Bc4+ 47. Kd2 Ra1 48. Ne5 Ra2+ 49. Kc1 Be6 50. h3 Nd4 51. Rd3 Ra1+ 52. Kd2 Nb3+ 53. Rxb3 Bxb3 54. f3 f6 55. Nd3 Bd5 56. f4 Bc4 57. Nf2 Ra2+ 58. Kc3 Bf1 59. Bd2 Bxh3 0-1

[Event "RUS-chT 31th"]
[Site "Sochi"]
[Date "2024.05.04"]
[Round "4.27"]
[White "Parpiev, Isaak"]
[Black "Klimentov, Evgeny"]
[Result "0-1"]
[WhiteElo "2339"]
[BlackElo "2284"]
[PlyCount "86"]
[EventDate "2024.05.01"]
[EventType "team-tourn"]
[EventRounds "9"]
[EventCountry "RUS"]
[SourceTitle "CBM 220 Extra"]
[Source "ChessBase"]
[SourceDate "2024.07.31"]
[SourceVersion "1"]
[SourceVersionDate "2024.07.31"]
[SourceQuality "1"]
[WhiteTeam "Moscow Region"]
[BlackTeam "Voronezh"]
[WhiteTeamCountry "RUS"]
[BlackTeamCountry "RUS"]

1. d4 Nf6 2. c4 e6 3. Bf4 Bb4+ 4. Nd2 c5 5. dxc5 Bxc5 6. e3 0-0 7. Ngf3 Nc6 8. a3 Be7 9. Be2 Nh5 10. Be5 Nxe5 11. Nxe5 Nf6 12. 0-0 Qc7 13. Nd3 b6 14. Bf3 Bb7 15. Rc1 Rac8 16. Qe2 Qb8 17. e4 d6 18. g3 Nd7 19. Bg2 Nc5 20. f4 Nxd3 21. Qxd3 Bc6 22. f5 Bf6 23. b4 b5 24. fxe6 fxe6 25. Kh1 bxc4 26. Nxc4 Rcd8 27. Qb3 Kh8 28. Na5 Bb5 29. Rfe1 Bg5 30. Rc2 Rc8 31. a4 Rxc2 32. Qxc2 Rc8 33. Qb3 Bd7 34. Rd1 Qc7 35. h4 Bf6 36. Bh3 Be5 37. Bxe6 Bxe6 38. Qxe6 Bxg3 39. Nb3 Qc3 40. Nd4 Be5 41. Rd3 Qc1+ 42. Kg2 Bxd4 43. Rxd4 Rc2+ 0-1

[Event "RUS-chT Rapid"]
[Site "Sochi"]
[Date "2023.10.19"]
[Round "6.22"]
[White "Kukhmazov, Arsen"]
[Black "Klimentov, Evgeny"]
[Result "1-0"]
[WhiteElo "2498"]
[BlackElo "2299"]
[PlyCount "59"]
[EventDate "2023.10.18"]
[EventType "team-swiss (rapid)"]
[EventRounds "9"]
[EventCountry "RUS"]
[SourceTitle "CBM 216 Extra"]
[Source "ChessBase"]
[SourceDate "2023.11.30"]
[SourceVersion "1"]
[SourceVersionDate "2023.11.30"]
[SourceQuality "1"]
[WhiteTeam "Vologodsk Region"]
[BlackTeam "Voronezh"]
[WhiteTeamCountry "RUS"]
[BlackTeamCountry "RUS"]

1. d4 Nf6 2. c4 e6 3. Nf3 b6 4. a3 Bb7 5. Nc3 d5 6. Bg5 Be7 7. Bxf6 Bxf6 8. cxd5 exd5 9. g3 0-0 10. Bg2 Nd7 11. 0-0 Re8 12. Rc1 c6 13. Re1 Be7 14. Qb3 Nf6 15. Ne5 Bd6 16. f4 Rc8 17. e4 c5 18. Nxd5 Nxd5 19. exd5 cxd4 20. Nc6 Qf6 21. Qd3 Re3 22. Rxe3 dxe3 23. b4 Re8 24. Re1 Qb2 25. Kh1 Bc8 26. Bf3 Bh3 27. Nd4 Qf2 28. Qe2 Rc8 29. Nc6 Re8 30. Qxf2 1-0

[Event "RUS-ch Rapid"]
[Site "Sochi"]
[Date "2023.10.16"]
[Round "7"]
[White "Klimov, Sergey"]
[Black "Klimentov, Evgeny"]
[Result "1-0"]
[WhiteElo "2486"]
[BlackElo "2299"]
[PlyCount "69"]
[EventDate "2023.10.15"]
[EventType "swiss (rapid)"]
[EventRounds "11"]
[EventCountry "RUS"]
[SourceTitle "CBM 216 Extra"]
[Source "ChessBase"]
[SourceDate "2023.11.30"]
[SourceVersion "1"]
[SourceVersionDate "2023.11.30"]
[SourceQuality "1"]

1. e4 c5 2. Nf3 e6 3. d4 cxd4 4. Nxd4 Nc6 5. Nc3 Qc7 6. Be3 a6 7. Be2 Nf6 8. 0-0 d6 9. f4 Be7 10. Kh1 0-0 11. a4 Nxd4 12. Qxd4 e5 13. Qd3 exf4 14. Bxf4 Be6 15. Rad1 Rad8 16. Qg3 Kh8 17. e5 Ne8 18. Bd3 f5 19. exf6 Nxf6 20. Bg5 Nh5 21. Qe3 Bxg5 22. Qxe6 Nf4 23. Qe4 Nxd3 24. Qxd3 Qc6 25. b3 Bf6 26. Nd5 Be5 27. c4 g6 28. Qh3 b5 29. Ne7 Qe4 30. Rfe1 Qc2 31. Rc1 Qf2 32. Nxg6+ Kg7 33. Nxf8 Rxf8 34. cxb5 axb5 35. Rc7+ 1-0

[Event "RUS-chT 30th"]
[Site "Sochi"]
[Date "2023.05.07"]
[Round "6.5"]
[White "Klimentov, Evgeny"]
[Black "Grebnev, Aleksey"]
[Result "1/2-1/2"]
[WhiteElo "2305"]
[BlackElo "2483"]
[PlyCount "80"]
[EventDate "2023.05.01"]
[EventType "team-tourn"]
[EventRounds "9"]
[EventCountry "RUS"]
[SourceTitle "CBM 214 Extra"]
[Source "ChessBase"]
[SourceDate "2023.07.31"]
[SourceVersion "1"]
[SourceVersionDate "2023.07.31"]
[SourceQuality "1"]
[WhiteTeam "Voronezh Inleksis"]
[BlackTeam "Moscow Russian ChSchool"]
[WhiteTeamCountry "RUS"]
[BlackTeamCountry "RUS"]

1. e4 c5 2. Nf3 d6 3. d4 cxd4 4. Nxd4 Nf6 5. Nc3 a6 6. f3 e5 7. Nb3 Be6 8. Be3 h5 9. Nd5 Bxd5 10. exd5 Nbd7 11. Qd2 g6 12. 0-0-0 Nb6 13. Kb1 Nfxd5 14. Bg5 Be7 15. Bxe7 Qxe7 16. c4 Nf6 17. Qxd6 Qxd6 18. Rxd6 Nbd7 19. Be2 Ke7 20. Rhd1 a5 21. Na1 Rhd8 22. Nc2 Nc5 23. Rxd8 Rxd8 24. Rxd8 Kxd8 25. b3 h4 26. Kb2 Kc7 27. a3 b6 28. b4 axb4 29. axb4 Ne6 30. Kc3 Kd6 31. Bf1 g5 32. Ne3 Nd4 33. h3 Ne6 34. Nf5+ Kd7 35. Bd3 Nf4 36. Ne3 Kd6 37. Be4 Ne2+ 38. Kd3 Nf4+ 39. Kc3 Ne2+ 40. Kd3 Nf4+ 1/2-1/2

[Event "Kavala op 30th"]
[Site "Kavala"]
[Date "2021.08.07"]
[Round "8"]
[White "Kiousi, Panagiota"]
[Black "Klimentov, Evgeny"]
[Result "0-1"]
[WhiteElo "1866"]
[BlackElo "2266"]
[PlyCount "88"]
[EventDate "2021.08.01"]
[EventType "swiss"]
[EventRounds "9"]
[EventCountry "GRE"]
[SourceTitle "CBM 203 Extra"]
[Source "ChessBase"]
[SourceDate "2021.09.30"]
[SourceVersion "1"]
[SourceVersionDate "2021.09.30"]
[SourceQuality "1"]

1. d4 Nf6 2. c4 e6 3. Nf3 b6 4. g3 Bb7 5. Bg2 Be7 6. 0-0 0-0 7. Nc3 Ne4 8. Qc2 Nxc3 9. bxc3 Nc6 10. Nd2 Na5 11. Qa4 Bxg2 12. Kxg2 d5 13. cxd5 Qxd5+ 14. e4 Qb7 15. Ba3 Bxa3 16. Qxa3 Rfd8 17. Rab1 Rab8 18. Qc1 Rbc8 19. Qe1 c5 20. Qe3 Qd7 21. Nf3 Qa4 22. Qg5 Qxa2 23. dxc5 f6 24. Qg4 Rxc5 25. Rbd1 Rcc8 26. Nd4 Re8 27. Nb5 Nc4 28. Kg1 Ne5 29. Qf4 Re7 30. Nd6 Rxc3 31. Ra1 Qe2 32. Rfc1 Rc5 33. Rxc5 bxc5 34. Rb1 h5 35. Rb8+ Kh7 36. Nf5 exf5 37. Qxf5+ Ng6 38. f3 Re5 39. Qc8 Qxf3 40. Qg8+ Kh6 41. Rb7 Rxe4 42. Qxg7+ Kg5 43. h4+ Kg4 44. Rb2 Re1+ 0-1

[Event "RUS-ch Higher League 73rd"]
[Site "Sochi"]
[Date "2020.10.16"]
[Round "8"]
[White "Pogosyan, Stefan"]
[Black "Klimentov, Evgeny"]
[Result "1/2-1/2"]
[WhiteElo "2442"]
[BlackElo "2222"]
[PlyCount "80"]
[EventDate "2020.10.08"]
[EventType "swiss"]
[EventRounds "9"]
[EventCountry "RUS"]
[SourceTitle "CBM 198 Extra"]
[Source "ChessBase"]
[SourceDate "2020.11.30"]
[SourceVersion "1"]
[SourceVersionDate "2020.11.30"]
[SourceQuality "1"]

1. c4 Nf6 2. Nc3 c5 3. g3 e6 4. Nf3 b6 5. Bg2 Bb7 6. 0-0 Be7 7. b3 0-0 8. Bb2 d5 9. cxd5 Nxd5 10. Nxd5 Bxd5 11. d4 Nc6 12. dxc5 Bxc5 13. Qd3 f5 14. Rad1 Qe7 15. Ne5 Nxe5 16. Bxe5 Rfd8 17. Qa6 Bxg2 18. Kxg2 Rxd1 19. Rxd1 Rd8 20. Rd3 Rxd3 21. Qxd3 Qb7+ 22. Qf3 Qxf3+ 23. Kxf3 Kf7 24. a4 a6 25. h4 g6 26. e3 b5 27. Kf4 h5 28. axb5 axb5 29. Bd4 Bd6+ 30. Be5 Bb4 31. Bd4 Bd6+ 32. Be5 Bb4 33. Bd4 Bd6+ 34. Be5 Bb4 35. Bd4 Bd6+ 36. Be5 Bb4 37. Bd4 Bd6+ 38. Be5 Bb4 39. Bd4 Bd6+ 40. Be5 Bb4 1/2-1/2

[Event "RUS-ch Higher League 73rd"]
[Site "Sochi"]
[Date "2020.10.14"]
[Round "6"]
[White "Yuffa, Daniil"]
[Black "Klimentov, Evgeny"]
[Result "1-0"]
[WhiteElo "2583"]
[BlackElo "2222"]
[PlyCount "79"]
[EventDate "2020.10.08"]
[EventType "swiss"]
[EventRounds "9"]
[EventCountry "RUS"]
[SourceTitle "CBM 198 Extra"]
[Source "ChessBase"]
[SourceDate "2020.11.30"]
[SourceVersion "1"]
[SourceVersionDate "2020.11.30"]
[SourceQuality "1"]

1. d4 Nf6 2. c4 e6 3. g3 Bb4+ 4. Bd2 a5 5. Bg2 d6 6. e3 0-0 7. Ne2 Bxd2+ 8. Qxd2 Nbd7 9. 0-0 e5 10. Nbc3 Re8 11. h3 exd4 12. Nxd4 Nc5 13. Qc2 c6 14. Rad1 Qb6 15. Nb3 Nxb3 16. axb3 Nd7 17. Rxd6 Qb4 18. Rd3 Nc5 19. Na2 Qb6 20. Rc3 Be6 21. Rd1 g6 22. Nc1 Bf5 23. Qe2 Bb1 24. Rd4 Rad8 25. Qd1 Ra8 26. h4 Ne6 27. Rd6 Rad8 28. c5 Qc7 29. Ne2 Bf5 30. Qf1 g5 31. e4 Bg6 32. f4 gxf4 33. gxf4 Nxc5 34. Rxd8 Rxd8 35. Rxc5 Qb6 36. Qc1 Qxb3 37. Kh2 Qd3 38. Ng3 f6 39. Rxa5 Rd4 40. Ra8+ 1-0

[Event "RUS-ch Higher League 73rd"]
[Site "Sochi"]
[Date "2020.10.11"]
[Round "4"]
[White "Klimentov, Evgeny"]
[Black "Nesterov, Arseniy"]
[Result "0-1"]
[WhiteElo "2222"]
[BlackElo "2510"]
[PlyCount "104"]
[EventDate "2020.10.08"]
[EventType "swiss"]
[EventRounds "9"]
[EventCountry "RUS"]
[SourceTitle "CBM 198 Extra"]
[Source "ChessBase"]
[SourceDate "2020.11.30"]
[SourceVersion "1"]
[SourceVersionDate "2020.11.30"]
[SourceQuality "1"]

1. e4 e6 2. d4 d5 3. Nd2 c5 4. Ngf3 Nc6 5. exd5 exd5 6. dxc5 Bxc5 7. Bd3 Nf6 8. Nb3 Bb6 9. Qe2+ Be6 10. Be3 0-0 11. Bxb6 Qxb6 12. 0-0-0 a5 13. Nbd4 Bg4 14. Nxc6 bxc6 15. h3 Bxf3 16. gxf3 a4 17. a3 d4 18. Qd2 Rfb8 19. c4 dxc3 20. Qxc3 Nd5 21. Qc2 Ra5 22. Bc4 g6 23. Rd2 Rc5 24. Rhd1 Qc7 25. Qe4 Nb6 26. Rc2 Nxc4 27. Rxc4 Rxc4+ 28. Qxc4 Qe5 29. Qd4 Qe2 30. f4 c5 31. Qe5 Qc4+ 32. Kb1 Qb3 33. Rc1 Rd8 34. Qxc5 Qxh3 35. Ka1 h5 36. Qa5 Rc8 37. Re1 Qd7 38. f5 Qxf5 39. Qxf5 gxf5 40. Re5 Kg7 41. Rxf5 Kg6 42. Rf4 Ra8 43. b3 axb3 44. Kb2 f5 45. Rc4 Kg5 46. Rc1 h4 47. Rh1 Rh8 48. a4 h3 49. a5 h2 50. a6 Kg4 51. a7 Kh3 52. Ra1 Ra8 0-1

[Event "RUS-ch Higher League 73rd"]
[Site "Sochi"]
[Date "2020.10.09"]
[Round "2"]
[White "Chigaev, Maksim"]
[Black "Klimentov, Evgeny"]
[Result "1-0"]
[WhiteElo "2598"]
[BlackElo "2222"]
[PlyCount "93"]
[EventDate "2020.10.08"]
[EventType "swiss"]
[EventRounds "9"]
[EventCountry "RUS"]
[SourceTitle "CBM 198 Extra"]
[Source "ChessBase"]
[SourceDate "2020.11.30"]
[SourceVersion "1"]
[SourceVersionDate "2020.11.30"]
[SourceQuality "1"]

1. e4 c6 2. d4 d5 3. exd5 cxd5 4. Bd3 Nf6 5. c3 Nc6 6. Bf4 Bg4 7. Qb3 Qc8 8. Nd2 e6 9. Ngf3 Be7 10. 0-0 0-0 11. Rae1 Bh5 12. Ne5 Nxe5 13. Bxe5 Bg6 14. Bxg6 hxg6 15. h3 Qc6 16. a4 Rfc8 17. Re3 Nd7 18. Nf3 Nb6 19. Ra1 Nc4 20. Re2 a6 21. Qd1 b5 22. Bf4 Bd6 23. Bxd6 Nxd6 24. Ne5 Qc7 25. Nd3 Ne4 26. a5 Re8 27. f3 Nd6 28. Qe1 Rec8 29. Nc5 Nb7 30. b4 Nxc5 31. dxc5 Re8 32. Rd1 Rad8 33. Re5 Qc6 34. f4 f6 35. Re3 Kf7 36. Qg3 Re7 37. Qg4 e5 38. fxe5 fxe5 39. Qh4 Rde8 40. Qh7 Rf8 41. Rf3+ Ke8 42. Rxf8+ Kxf8 43. Qh8+ Kf7 44. Rf1+ Ke6 45. Qg8+ Kd7 46. Rd1 Kc7 47. Qxd5 1-0

[Event "RUS-ch blitz"]
[Site "Sochi"]
[Date "2019.10.17"]
[Round "7"]
[White "Glek, Igor Vladimirovich"]
[Black "Klimentov, Evgeny"]
[Result "1-0"]
[WhiteElo "2467"]
[BlackElo "2199"]
[PlyCount "55"]
[EventDate "2019.10.17"]
[EventType "swiss (blitz)"]
[EventRounds "15"]
[EventCountry "RUS"]
[SourceTitle "CBM 192 Extra"]
[Source "Chessbase"]
[SourceDate "2019.11.06"]
[SourceVersion "1"]
[SourceVersionDate "2019.11.06"]
[SourceQuality "1"]

1. e4 c6 2. c4 d5 3. cxd5 cxd5 4. exd5 Nf6 5. Nc3 g6 6. Bc4 Bg7 7. Nf3 0-0 8. d3 Nbd7 9. 0-0 a6 10. a4 Nb6 11. Qb3 Bf5 12. Be3 Nbd7 13. h3 h5 14. Nd4 Nc5 15. Qc2 Rc8 16. Nxf5 gxf5 17. Qe2 Qc7 18. Qf3 Ncd7 19. Qxf5 Ne5 20. Bf4 Nfd7 21. Qxh5 Qb6 22. Qe2 Qb4 23. Bg5 Rfe8 24. Rfe1 Nxc4 25. dxc4 Rxc4 26. Bxe7 Qb6 27. d6 Bf6 28. Qxc4 1-0

[Event "RUS-ch blitz"]
[Site "Sochi"]
[Date "2019.10.17"]
[Round "3"]
[White "Klimentov, Evgeny"]
[Black "Vastrukhin, Oleg"]
[Result "0-1"]
[WhiteElo "2199"]
[BlackElo "2428"]
[PlyCount "86"]
[EventDate "2019.10.17"]
[EventType "swiss (blitz)"]
[EventRounds "15"]
[EventCountry "RUS"]
[SourceTitle "CBM 192 Extra"]
[Source "Chessbase"]
[SourceDate "2019.11.06"]
[SourceVersion "1"]
[SourceVersionDate "2019.11.06"]
[SourceQuality "1"]

1. e4 e6 2. d4 d5 3. Nd2 a6 4. Ngf3 Bd7 5. exd5 exd5 6. Bd3 Bd6 7. 0-0 Ne7 8. Re1 0-0 9. Nf1 Bf5 10. Bg5 f6 11. Bh4 Nbc6 12. Bg3 Re8 13. c3 Qd7 14. Bxd6 Qxd6 15. Bxf5 Nxf5 16. Ng3 Nce7 17. Nxf5 Nxf5 18. Qd3 Qd7 19. Rxe8+ Rxe8 20. Re1 Nd6 21. Rxe8+ Qxe8 22. Kf1 Nc4 23. b3 Nd6 24. h3 Qe4 25. Ne1 Kf7 26. Qd2 a5 27. Nd3 b6 28. a4 c6 29. f3 Qf5 30. Qe3 Qe6 31. Qxe6+ Kxe6 32. Ke2 g5 33. g4 Ne8 34. f4 h6 35. Ke3 Nd6 36. f5+ Kd7 37. Nf2 c5 38. dxc5 bxc5 39. Kd3 Kc6 40. c4 d4 41. Ne4 Nxe4 42. Kxe4 Kd6 43. Kd3 Ke5 0-1

[Event "Voronezh Region-ch"]
[Site "Voronezh"]
[Date "2018.11.25"]
[Round "3"]
[White "Klimentov, Evgeny"]
[Black "Eremenko, Vasily"]
[Result "1-0"]
[WhiteElo "2135"]
[BlackElo "1736"]
[PlyCount "96"]
[EventDate "2018.11.23"]
[EventType "swiss"]
[EventRounds "9"]
[EventCountry "RUS"]
[SourceTitle "CBM 188 Extra"]
[Source "ChessBase"]
[SourceDate "2019.02.28"]
[SourceVersion "1"]
[SourceVersionDate "2019.02.28"]
[SourceQuality "1"]

1. e4 e5 2. Nf3 Nc6 3. Bb5 d6 4. 0-0 Bd7 5. c3 Nf6 6. Re1 a6 7. Ba4 b5 8. Bc2 Bg4 9. d3 Be7 10. Nbd2 0-0 11. h3 Bh5 12. Nf1 h6 13. Ng3 Bg6 14. Nh4 Bh7 15. Nhf5 Kh8 16. d4 Ng8 17. d5 Na5 18. Qg4 Bf6 19. a4 h5 20. Qf3 g6 21. Ne3 Bg5 22. Qe2 Qd7 23. axb5 axb5 24. b4 Bxe3 25. Bxe3 Nc4 26. Bd3 Kg7 27. Bxc4 bxc4 28. Qxc4 h4 29. Nf1 Qe7 30. Qc6 Rac8 31. Nh2 f5 32. Ra7 Rf7 33. c4 f4 34. Bd2 g5 35. f3 Nf6 36. c5 Bg6 37. Rc1 Rb8 38. cxd6 Qxd6 39. Rxc7 Qxc6 40. Rxf7+ Bxf7 41. dxc6 Re8 42. b5 Be6 43. b6 Rb8 44. b7 Ne8 45. Bc3 Kf6 46. Ng4+ Bxg4 47. hxg4 Ke6 48. Ba5 Nd6 1-0

[Event "Voronezh Region-ch"]
[Site "Voronezh"]
[Date "2018.11.24"]
[Round "2"]
[White "Provotorov, Ivan"]
[Black "Klimentov, Evgeny"]
[Result "1-0"]
[WhiteElo "2371"]
[BlackElo "2135"]
[PlyCount "97"]
[EventDate "2018.11.23"]
[EventType "swiss"]
[EventRounds "9"]
[EventCountry "RUS"]
[SourceTitle "CBM 188 Extra"]
[Source "ChessBase"]
[SourceDate "2019.02.28"]
[SourceVersion "1"]
[SourceVersionDate "2019.02.28"]
[SourceQuality "1"]

1. c4 g6 2. Nc3 Bg7 3. d4 d6 4. e4 e5 5. d5 f5 6. exf5 Bxf5 7. Nge2 Nf6 8. Ng3 Bc8 9. h4 0-0 10. Be2 Qe8 11. Be3 Na6 12. h5 Bf5 13. Qd2 Nc5 14. Bxc5 dxc5 15. Nxf5 gxf5 16. h6 Bh8 17. Rh3 Kf7 18. Qg5 Qd7 19. Bh5+ Nxh5 20. Qxh5+ Ke7 21. d6+ cxd6 22. 0-0-0 Qe6 23. Nd5+ Kd7 24. Qf3 Kc8 25. Qa3 Bf6 26. Nb6+ Kb8 27. Nxa8 Kxa8 28. Qd3 Bg5+ 29. Kb1 Rf6 30. Rg3 Qg8 31. Qd5 Qg6 32. f4 exf4 33. Rb3 Rf7 34. Qxd6 Qxd6 35. Rxd6 Kb8 36. Rh3 Bf6 37. Rh5 Bd4 38. b3 a6 39. Rd5 Re7 40. Rdxf5 Re1+ 41. Kc2 Re2+ 42. Kd1 Rxg2 43. Rxf4 Rg1+ 44. Ke2 Rg2+ 45. Kd3 Rxa2 46. b4 Ra3+ 47. Ke4 b6 48. Rf7 Rc3 49. Kd5 1-0

[Event "RUS-chT rapid"]
[Site "Sochi"]
[Date "2018.10.09"]
[Round "7.8"]
[White "Klimentov, Evgeny"]
[Black "Shariyazdanov, Andrey"]
[Result "0-1"]
[WhiteElo "2135"]
[BlackElo "2526"]
[PlyCount "88"]
[EventDate "2018.10.08"]
[EventType "team-swiss (rapid)"]
[EventRounds "9"]
[EventCountry "RUS"]
[SourceTitle "CBM 186 Extra"]
[Source "ChessBase"]
[SourceDate "2018.08.24"]
[SourceVersion "1"]
[SourceVersionDate "2018.08.24"]
[SourceQuality "1"]
[WhiteTeam "Voronezh SDYuSShOR"]
[BlackTeam "Belgorod Rakita"]
[WhiteTeamCountry "RUS"]
[BlackTeamCountry "RUS"]

1. e4 g6 2. d4 Bg7 3. Nc3 d6 4. Nf3 Nf6 5. Be2 0-0 6. 0-0 a6 7. a4 b6 8. Be3 Bb7 9. Nd2 e6 10. f3 d5 11. e5 Nfd7 12. f4 c5 13. Nb3 cxd4 14. Nxd4 Nc6 15. Nxc6 Bxc6 16. a5 bxa5 17. Na4 Bb5 18. Nc5 Qb6 19. Bxb5 axb5 20. Nxd7 Qxe3+ 21. Kh1 Rfd8 22. Rf3 Qe4 23. Nf6+ Bxf6 24. exf6 a4 25. f5 exf5 26. Qd2 Qe6 27. Raf1 Qxf6 28. g4 Kh8 29. gxf5 g5 30. Rg3 h6 31. h4 Rg8 32. Qxd5 gxh4 33. Rh3 b4 34. c3 a3 35. bxa3 bxa3 36. Qa2 Rg3 37. Rxg3 hxg3 38. Qg2 Qh4+ 39. Kg1 Qh2+ 40. Qxh2 gxh2+ 41. Kxh2 a2 42. Ra1 Kg7 43. Kg3 Kf6 44. Kf4 Ra4+ 0-1

[Event "RUS-chT rapid"]
[Site "Sochi"]
[Date "2018.10.09"]
[Round "8.9"]
[White "Kretov, Evgenij"]
[Black "Klimentov, Evgeny"]
[Result "1-0"]
[WhiteElo "2219"]
[BlackElo "2135"]
[PlyCount "105"]
[EventDate "2018.10.08"]
[EventType "team-swiss (rapid)"]
[EventRounds "9"]
[EventCountry "RUS"]
[SourceTitle "CBM 186 Extra"]
[Source "ChessBase"]
[SourceDate "2018.08.24"]
[SourceVersion "1"]
[SourceVersionDate "2018.08.24"]
[SourceQuality "1"]
[WhiteTeam "Moscow Liga Tsifrovoy Ekonomiki"]
[BlackTeam "Voronezh SDYuSShOR"]
[WhiteTeamCountry "RUS"]
[BlackTeamCountry "RUS"]

1. d4 Nf6 2. c4 e6 3. Nc3 b6 4. e4 Bb7 5. f3 Bb4 6. Qc2 c5 7. d5 exd5 8. cxd5 0-0 9. Bd3 d6 10. Nge2 Nbd7 11. a3 Ba5 12. 0-0 Ne5 13. Ng3 c4 14. Be2 b5 15. h3 Re8 16. Kh2 a6 17. f4 Ng6 18. Bd2 Nf8 19. Rae1 N6d7 20. Be3 Bb6 21. Qd2 Bxe3 22. Qxe3 Nc5 23. e5 Bc8 24. Nce4 Nxe4 25. Qxe4 Ra7 26. Bf3 Rae7 27. Nf5 Bxf5 28. Qxf5 dxe5 29. fxe5 Rxe5 30. Rxe5 Qc7 31. Rfe1 f6 32. Rd1 Qd6 33. Kh1 Rxe5 34. Qc8 Kf7 35. a4 Nd7 36. axb5 axb5 37. Qc6 Qe7 38. Qxb5 Re1+ 39. Rxe1 Qxe1+ 40. Kh2 Ne5 41. Qb7+ Kg6 42. d6 Qe3 43. Be4+ Kh6 44. Qd5 Qa7 45. Qd2+ g5 46. Bf5 Qb8 47. Qd5 Kg7 48. Be6 h5 49. Qc5 Qxb2 50. d7 Nf3+ 51. Kg3 h4+ 52. Kxf3 Qc3+ 53. Qe3 1-0